| 000 | 01504cam a22003614a 4500 | ||
|---|---|---|---|
| 001 | 13381286 | ||
| 005 | 20070410075208.0 | ||
| 008 | 031023s2004 paua b 001 0 eng | ||
| 010 | _a 2003065889 | ||
| 020 | _a0781747333 | ||
| 035 | _a(DNLM)101195445 | ||
| 040 |
_aDNLM/DLC _cDLC _dDLC |
||
| 042 | _apcc | ||
| 050 | 0 | 0 |
_aRB111 _b.E856 2004 |
| 060 | 1 | 0 |
_aQZ 4 _bR896 2004 |
| 082 | 0 | 0 |
_a616.07 _222 _bRUB NR |
| 245 | 0 | 0 |
_aRubin's pathology : _bclinicopathologic foundations of medicine / _ceditor-in-chief, Emanuel Rubin ; associate editors, Fred Gorstein ... [et al.]. |
| 246 | 3 | 0 | _aPathology |
| 250 | _a5th ed. | ||
| 260 |
_aPhiladelphia : _bLippincott Williams & Wilkins, _cc2004. |
||
| 300 |
_axvi, 1587 p. : _bill. (chiefly col.) ; _c28 cm. + |
||
| 500 | _aRev. ed. of: Essential pathology. 3rd ed. c2001. | ||
| 504 | _aIncludes bibliographical references and index. | ||
| 650 | 0 | _aPathology. | |
| 650 | 1 | 2 | _aPathology. |
| 700 | 1 |
_aRubin, Emanuel, _d1928- |
|
| 700 | 1 | _aGorstein, Fred. | |
| 730 | 0 | _aEssential pathology. | |
| 856 | 4 | 2 |
_3Publisher description _uhttp://www.loc.gov/catdir/enhancements/fy0712/2003065889-d.html |
| 942 |
_2ddc _cBB |
||
| 999 |
_c10896 _d10896 |
||